Normal view
MARC view
- Ehsan Azam
Entry Personal Name
001 - CONTROL NUMBER
- control field: 114148
003 - CONTROL NUMBER IDENTIFIER
- control field: NUST
005 - DATE AND TIME OF LATEST TRANSACTION
- control field: 20230816141612.0
008 - FIXED-LENGTH DATA ELEMENTS
- fixed length control field: 230816|| aca||aabn | a|a d
040 ## - CATALOGING SOURCE
- Original cataloging agency: NUST
- Transcribing agency: NUST
100 ## - HEADING--PERSONAL NAME
- Personal name: Ehsan Azam
670 ## - SOURCE DATA FOUND
- Source citation: Work cat.: (NUST): Ehsan Azam, TH-SOF-2179-Upper Limb Complex Movement Classification Using Pre-Movement EEG Signals, 2023
